000 00684nam a2200241Ia 4500
001 Z_5360
003 CHAP
008 220113s1997 xx 000 0 und d
010 _a168428
040 _cCHAP
082 _a636.080913 C6 1997
111 _aConferencia Internacional sobre Ganadería en los Trópicos (1997 : Gainesville, Florida)
_9142745
245 _aMemorias /
_cInstituto de Ciencias Alimenticias y Agropecuarias
260 _aGainesville, Fla. :
_bICAA,
_c1997
300 _a199 P.
650 _aTrópicos
_xGanadoGanadería
_xTrópicos
_9142746
901 _a636.080913 C6 1997
902 _aM
910 _a1997
942 _c1
942 _cc1
999 _c168428
_d168428